Thermal degradation of natural rubber/styrene butadiene rubber latex blends by thermogravimetric method (Record no. 71216)

MARC details
000 -LEADER
fixed length control field 00598nam a2200205Ia 4500
100 ## - MAIN ENTRY--AUTHOR NAME
Personal name Varkey J T
245 #0 - TITLE STATEMENT
Title Thermal degradation of natural rubber/styrene butadiene rubber latex blends by thermogravimetric method
260 ## - PUBLICATION, DISTRIBUTION, ETC. (IMPRINT)
Name of publisher Polymer Palstics Technology and Engineering
Year of publication 2000
300 ## - PHYSICAL DESCRIPTION
Number of Pages 415-35
500 ## - GENERAL NOTE
General note Source Year: 2000
650 ## - SUBJECT ADDED ENTRY--TOPICAL TERM
Topical Term Latex blends
650 ## - SUBJECT ADDED ENTRY--TOPICAL TERM
Topical Term SBR
650 ## - SUBJECT ADDED ENTRY--TOPICAL TERM
Topical Term Thermal degradation
650 ## - SUBJECT ADDED ENTRY--TOPICAL TERM
Topical Term Thermogravimetric method
700 ## - ADDED ENTRY--PERSONAL NAME
Personal name Augustine S
700 ## - ADDED ENTRY--PERSONAL NAME
Personal name Thomas S
856 ## - ELECTRONIC LOCATION AND ACCESS
Uniform Resource Identifier RAPRA
942 ## - ADDED ENTRY ELEMENTS (KOHA)
Koha item type Journals
Holdings
Withdrawn status Lost status Damaged status Not for loan Home library Current library Shelving location Date acquired Serial Enumeration / chronology Koha item type
      Journals RRII Library RRII Library Rubber chemistry 17/12/2021 Volume 39, Issue 3 Journals